[Event "31st Roquetas de Mar Open 2020"]
[Site "Roquetas de Mar"]
[Date "2020.01.03"]
[Round "2.3"]
[White "Matta, Vinay Kumar"]
[Black "Pridorozhni, Aleksei"]
[Result "0-1"]
[WhiteElo "2308"]
[BlackElo "2601"]
[Annotator "TA"]
[PlyCount "153"]
[EventDate "2020.01.02"]
[EventType "swiss"]
[EventCountry "ESP"]
[SourceTitle "playchess.com"]
[Source "ChessBase"]
[SourceQuality "1"]

{[%evp 10,153,64,53,56,66,51,27,141,51,133,132,134,96,103,86,79,84,79,79,83,73,84,67,71,76,75,21,22,20,17,8,19,11,50,22,29,-10,-14,-21,-22,-24,-24,-17,-23,-18,-12,-19,-16,-16,-16,-62,-61,-83,-85,-75,-66,-85,-35,-83,-87,-109,-114,-110,-106,-162,-141,-175,-157,-170,-169,-171,-172,-225,-206,-237,-230,-222,-177,-185,-184,-269,-258,-303,-275,-269,-225,-553,-529,-483,-324,-295,-193,-185,-106,-111,-104,-99,-75,-75,-77,-108,-125,-123,-75,-135,-135,-174,-87,-103,-100,-150,-144,-148,-147,-144,-129,-149,-129,-149,-171,-172,-158,-172,-158,-158,-165,-202,-204,-470,-473,-487,-456,-488,-493,-432,-484,-476,-464,-480,-460,-425,-370,-29968,-29969,-6075]} 1. e4 d5 2. exd5 Qxd5 3. Nc3 Qd6 4. d4 Nf6 5. Nf3 Bg4 6. h3 Bh5 {B01: Scandinavian Defence} 7. g4 Bg6 $1 8. Ne5 {With the idea Bf4.} c6 (8... Nbd7 $11) (8... Nbd7 9. Bf4 Nxe5 10. Bxe5 Qb6 11. Qf3 O-O-O 12. O-O-O e6 13. Bd3 Bb4 14. Bxg6 hxg6 {½-½ (55) Caruana,F (2828)-Moranda,W (2593) chess.com INT 2019}) 9. Bg2 (9. h4 $16) 9... Nfd7 ({Black should try} 9... Nbd7 $14) 10. Nxg6 $146 ({Predecessor:} 10. Nc4 Qc7 11. Qf3 e6 12. Bf4 Qd8 13. O-O-O Nb6 14. Ne5 {1-0 (23) Onslow,A (2036)-Ragavan,P (1609) Caleta 2017}) 10... hxg6 11. Be3 e6 12. Qf3 Nf6 13. O-O-O Nbd7 14. Bf4 Qb4 15. Rhe1 Be7 16. Kb1 Nb6 17. a3 Qa5 18. Re5 (18. Qd3 $16) 18... Nfd5 $11 19. Nxd5 cxd5 20. Qb3 Rc8 21. Bf1 {Threatens to win with Bd2.} O-O 22. Bb5 {Black must now prevent Bd2.} a6 23. Bd3 Rc6 24. Bd2 Qa4 25. Qxa4 Nxa4 26. Re2 Rb6 27. b3 {Strongly threatening Ka2.} Rc8 ({Avoid the trap} 27... Bxa3 $2 28. Ka2 $18) 28. Ka2 Nc3+ 29. Bxc3 $1 Rxc3 30. f4 Bf6 31. f5 gxf5 32. gxf5 Bxd4 33. fxe6 fxe6 34. Bg6 Bf6 35. Bh5 Rbc6 36. Kb1 Kf8 37. h4 (37. Bg4 $17 {was necessary.}) 37... Rg3 38. Rf2 Ke7 39. Rh1 Rcc3 40. Be2 Bd4 41. Rff1 (41. Rf4 {is a better defense.} e5 42. Rg4) 41... Rg2 42. Bd1 a5 43. a4 Rcg3 44. Bf3 Rd2 45. h5 (45. Rd1 $142 Rxd1+ 46. Rxd1) 45... Be3 $19 46. Bd1 b6 47. Kb2 d4 48. Kb1 $2 (48. Rf3 Rgg2 49. Kb1) 48... d3 {...Rgg2 is the strong threat.} 49. Rh4 Rgg2 50. Rc4 Bc5 51. Rc3 dxc2+ (51... Rgf2 $19 52. Rh1 Rh2) 52. Rxc2 $17 Rxc2 53. Bxc2 $19 {[%mdl 4096] Endgame KRB-KRB} Rh2 54. Bg6 Bd4 55. Rf3 Kd6 56. Kc1 Kd5 57. Bf7 (57. Kd1 $142) 57... Ke4 $17 58. Rg3 Be5 (58... Kf4 $1 $19 {[%cal Rf4g3]} 59. Rg6 e5 60. Rxg7 e4) 59. Bg6+ Kf4 60. Rd3 {[#]} Bb2+ $1 61. Kd1 {[#]} e5 $1 62. Rd2 Rh1+ 63. Kc2 Bd4 64. Re2 Rh3 65. Re4+ Kg5 66. Bf7 Rf3 67. Bg6 Rc3+ 68. Kb2 Kf6 69. Ka3 $2 (69. Kb1) 69... Rc1 $19 {[%cal Rc1a1]} 70. Re2 Kg5 71. Bf7 Kf4 72. b4 Rc3+ 73. Bb3 e4 {And now ...Kf3 would win.} 74. bxa5 bxa5 {aiming for ...Kf3.} 75. Ka2 e3 76. Rg2 $2 {[#]} (76. Bd5 $19) 76... Rxb3 $1 {[%mdl 512]} 77. Kxb3 {Accuracy: White = 39%, Black = 73%.} 0-1

[Event "31st Roquetas de Mar Open 2020"]
[Site "Roquetas de Mar"]
[Date "2020.01.03"]
[Round "2.4"]
[White "Bernadskiy, Vitaliy"]
[Black "Kiselev, Pavel"]
[Result "1-0"]
[WhiteElo "2588"]
[BlackElo "2303"]
[Annotator "TA"]
[PlyCount "77"]
[EventDate "2020.01.02"]
[EventType "swiss"]
[EventCountry "ESP"]
[SourceTitle "playchess.com"]
[Source "ChessBase"]
[SourceQuality "1"]

{[%evp 15,87,-5,0,-29,22,-16,-16,-16,-16,-19,-18,-57,-63,-69,-52,-74,-41,-122,-15,-20,-8,-22,-17,-9,-25,-22,-16,-11,-10,-13,-10,-10,-20,-15,-15,-12,-14,-20,-9,-33,-36,-110,10,4,20,19,15,8,8,8,8,17,220,11,87,4,52,50,46,65,566,565,573,556,606,607,2581,2412,2125,2043,2287,1964,29962,29967]} 1. d4 d5 2. Nf3 Nf6 3. g3 e6 4. Bg2 Be7 5. c4 O-O 6. Qc2 c6 7. O-O b6 8. Nc3 Nbd7 9. e4 {E07: Closed Catalan: Main Line (5 Nf3 0-0 6 0-0 Nbd7)} (9. b3 Ba6 10. Rd1 Rc8 11. e4 dxc4 12. Nd2 b5 13. bxc4 bxc4 14. Qa4 Bb5 15. Qc2 Qa5 16. a4 Ba6 17. Ba3 Bxa3 18. Rxa3 {½-½ (45) Fridman,D (2665)-Gelfand,B (2755) Netanya 2009}) 9... Ba6 ({Better is} 9... dxc4 10. Rd1 Bb7) 10. Ne5 Nxe5 11. dxe5 {The position is equal.} Nd7 12. exd5 cxd5 13. b3 $146 ({Predecessor:} 13. Re1 Bxc4 14. Bf4 Nc5 15. Rad1 Qc8 16. h4 a5 {0-1 (36) Powell,J (2152)-Grinsell,L (2195) England 1999}) 13... Rc8 14. Rd1 dxc4 15. Bf4 Qc7 16. b4 (16. Ne4 $1 $15) 16... g5 (16... Bxb4 $17 17. Ne4 Rfd8) 17. Qa4 $11 Nb8 ({And not} 17... Nxe5 18. Bxe5 Qxe5 19. Rac1 $16) 18. Be3 Qxe5 19. Bd4 Qc7 $1 20. Rac1 $1 Rfd8 {Threatens to win with ...Bb7.} 21. b5 Bb7 $1 {[%cal Rb7g2] Hoping for ...Bxg2.} 22. Qxa7 Bxg2 {[%mdl 64] Discovered Attack} 23. Qxc7 Rxc7 24. Kxg2 Nd7 25. Na4 $1 Rb8 26. Rc2 Bf6 27. Be3 c3 28. Rd6 {[#]} (28. Rcc1 $15) 28... Be5 ({Black should play} 28... Rc4 $1 $17 29. Nxb6 Nxb6 30. Rxb6 Rxb6 31. Bxb6 Rb4) 29. Rc6 Rbc8 30. Nxb6 Nxb6 31. Rxb6 Rc4 32. Ra6 Rb4 33. b6 Rb2 $2 {[#]} (33... f5 $11) 34. Rc1 $2 (34. Rxb2 $1 $18 cxb2 35. b7) 34... h6 (34... Rc4 $11 {remains equal.}) 35. Ra7 ({White should try} 35. a4 $16) 35... c2 36. a4 Rb1 37. a5 {aiming for a6.} Rxc1 $4 {[%mdl 8192]} (37... Kg7 $1 $14) 38. Bxc1 $14 {[%mdl 4096] Endgame KRB-KRB} Rd8 39. a6 {Played: f2-f4} 1-0

[Event "31st Roquetas de Mar Open 2020"]
[Site "Roquetas de Mar"]
[Date "2020.01.03"]
[Round "2.5"]
[White "Ortin Blanco, Inigo"]
[Black "Sivuk, Vitaly"]
[Result "0-1"]
[WhiteElo "2301"]
[BlackElo "2579"]
[Annotator "TA"]
[PlyCount "72"]
[EventDate "2020.01.02"]
[EventType "swiss"]
[EventCountry "ESP"]
[SourceTitle "playchess.com"]
[Source "ChessBase"]
[SourceQuality "1"]

{[%evp 9,72,-7,24,13,21,0,18,18,40,42,26,18,32,26,26,20,39,0,0,0,8,-29,-28,-39,0,0,-8,-50,53,67,51,0,0,0,0,-11,0,0,0,0,0,0,0,-51,-54,-102,-94,-106,-109,-187,-188,-418,-412,-468,-467,-572,-595,-582,-580,-636,-633,-632,-624,-609,-615]} 1. d4 Nf6 2. c4 e6 3. g3 d5 4. Nf3 Bb4+ 5. Bd2 Bd6 (5... Be7 6. Bg2 O-O 7. O-O Nbd7 8. a4 a5 9. Qc2 c6 10. Na3 Ne4 11. Bf4 g5 12. Be3 f5 13. Rad1 Qe8 14. Qc1 h6 15. Ne5 Kh7 {½-½ (104) Nakamura,H (2743)-Karjakin,S (2750) Saint Louis 2019}) 6. Nc3 {E01: Catalan: Early deviations} O-O 7. Bg5 Be7 8. Bg2 {The position is equal.} dxc4 9. Qa4 $146 ({Predecessor:} 9. Ne5 h6 10. Bf4 Nd5 11. Nxc4 Nxf4 12. gxf4 c5 13. dxc5 {0-1 (34) Antonsen,M (2452)-Svane,R (2580) Helsingor 2018}) 9... a6 10. Qxc4 b5 11. Qd3 Bb7 12. O-O c5 13. dxc5 (13. Bxf6 {is more complex.} Bxf6 14. dxc5 Nd7 15. Qe3 b4 16. Ne4) 13... Qxd3 14. exd3 Bxc5 15. Rad1 Nbd7 16. Ne4 Nxe4 17. dxe4 Nf6 18. Nd2 Ng4 (18... Bd4 $15) 19. Nb3 $14 Bb6 20. Be7 (20. Rd6 $14 Bd8 21. Bxd8 Raxd8 22. Rfd1) 20... Rfc8 $11 {Strongly threatening ...Rc2.} 21. Rd6 Bc7 22. Rd2 Ne5 23. Nc5 Bc6 24. b3 Bb6 25. Rc1 Be8 26. Rdc2 (26. Bd6 $11) 26... Rc6 $1 $15 27. Bg5 {[#]} Rac8 $1 {[%cal Rb6c5]} 28. Be3 b4 {White must now prevent ...Ng4.} 29. Bd4 {[#]} (29. Bf1 $17 {was worth a try.}) 29... f6 $1 $19 ({Weaker is} 29... Nd7 30. Nxd7 Rxc2 31. Rxc2 $11) 30. Kf1 $2 {[#]} (30. h4 {keeps fighting.}) 30... Nd3 $1 {[%mdl 512]} 31. Nxd3 {Hoping for Rxc6.} Rxc2 {Black is clearly winning.} 32. Rxc2 Rxc2 33. Bxb6 Bb5 34. Bf3 {With the idea Be2.} Bxd3+ 35. Ke1 Rxa2 36. Bc5 a5 {Accuracy: White = 40%, Black = 77%.} 0-1

[Event "31st Roquetas de Mar Open 2020"]
[Site "Roquetas de Mar"]
[Date "2020.01.03"]
[Round "2.6"]
[White "Vazquez Igarza, Renier"]
[Black "Garcia Moreno, Carlos"]
[Result "0-1"]
[WhiteElo "2552"]
[BlackElo "2289"]
[Annotator "TA"]
[PlyCount "162"]
[EventDate "2020.01.02"]
[EventType "swiss"]
[EventCountry "ESP"]
[SourceTitle "playchess.com"]
[Source "ChessBase"]
[SourceQuality "1"]

{[%evp 16,162,7,9,9,9,7,2,0,0,11,0,15,18,26,22,32,18,37,36,35,57,62,0,22,17,20,9,79,12,14,18,29,27,41,27,21,16,27,30,23,32,61,60,72,74,70,58,66,52,83,79,93,98,104,98,118,95,186,169,220,77,112,133,143,17,262,120,147,8,8,7,9,0,8,0,16,8,8,1,8,1,4,1,30,27,30,8,626,612,612,612,611,0,27,0,527,232,187,-227,-215,-185,-15,-220,-216,-247,0,-10,0,-242,-233,-175,-200,-303,0,0,0,0,0,0,0,0,0,0,0,0,0,0,0,0,0,0,0,-103,-100,-104,0,-29990,-29991,-29991,-29992,-29992,-29993,-29995,-29996,-29996,-29997,-29997,-29998]} 1. d4 Nf6 2. c4 e6 3. Nf3 Nc6 4. Nc3 Bb4 5. Qc2 d6 6. a3 Bxc3+ 7. Qxc3 a5 8. b3 O-O 9. Bb2 Re8 {E33: Nimzo-Indian: Classical: 4...Nc6} 10. Rd1 Qe7 11. d5 (11. e3 e5 12. d5 Nb8 13. Be2 Bg4 14. O-O Nbd7 15. Rfe1 Nc5 16. Nd2 Bxe2 17. Rxe2 {½-½ (25) Nikolov,M (2577)-Bauer,C (2647) Cappelle-la-Grande 2019}) 11... Nb8 {The position is equal.} 12. dxe6 fxe6 13. e3 b6 $146 ({Predecessor:} 13... e5 14. Be2 Nc6 15. O-O Bg4 16. Rde1 Rf8 17. Nd2 Bxe2 18. Rxe2 {0-1 (49) Vypkhaniuk,I (2263)-Iljin,T (2354) Alushta 2005}) 14. Be2 Bb7 15. O-O Nbd7 16. Nd4 Ne4 17. Qc1 e5 18. Nb5 Ndc5 19. b4 (19. Qc2 $1 $14) 19... Na4 20. f3 Nxb2 21. Qxb2 c6 (21... Nf6 $11) 22. Nc3 (22. fxe4 $16 cxb5 23. bxa5 (23. cxb5 Bxe4 24. bxa5 Rxa5 $14)) 22... Nxc3 $11 23. Qxc3 axb4 24. axb4 Ra2 25. Rf2 Rea8 26. e4 R8a3 27. Qc1 c5 $1 28. Bf1 Qc7 ({But not} 28... cxb4 $2 29. Rxa2 Rxa2 30. c5 $1 $18 {[%mdl 512]}) 29. b5 Ra8 $1 30. Rxa2 Rxa2 31. Qe3 Ra8 $1 32. g3 Rd8 33. Bh3 Bc8 34. Bxc8 Qxc8 $16 {[%mdl 4096] Endgame KQR-KQR} 35. Ra1 Qb7 36. Ra6 h5 (36... h6 $16 {keeps fighting.}) 37. Qd2 h4 (37... Kh7 $142 38. Kg2 Qc7) 38. gxh4 (38. Qd5+ $18 {has better winning chances.} Qxd5 39. exd5) 38... Kh7 39. Kg2 Rf8 40. Qxd6 ({White must play} 40. Qg5 $1 $16) 40... Rf6 $2 (40... Qf7 $11 {and Black is okay.} 41. Qd1 Qg6+ 42. Kh1 Rf6) 41. Qxe5 (41. Qd5 $1 $18 {[%cal Rd5b7] and the rest is easy.} Rg6+ 42. Kh1) 41... Qf7 42. Qd5 ({White should play} 42. Qc3 $1 $16) 42... Qg6+ $1 $11 43. Qg5 Qf7 44. Qd5 Qg6+ $1 45. Qg5 Qf7 46. h5 Qxc4 47. Qe3 Qxb5 48. Ra2 $36 {[%mdl 2048] White has some pressure.} Qe8 49. e5 Rf5 {[%mdl 64] Double Attack} 50. e6 Qxh5 51. Re2 {Hoping for e7.} Rg5+ $2 {[%mdl 8192]} (51... Rf8 $11) 52. Kh1 $18 Qh3 53. Rf2 $1 Qf5 54. Re2 $2 (54. Qe1 $18 {e7 is the strong threat.} Qe5 55. Re2) 54... Qh3 $11 55. Rf2 $2 {[%mdl 8192]} (55. Qf2 $11 Rd5 56. Re1) 55... Qf5 $18 {( -> ...Qb1+)} 56. Rf1 (56. Qe1 $142 {Black must now prevent e7.} Qe5 57. Re2) 56... Qh3 {[%csl Gg5][%cal Rh3g2]} 57. Qe4+ $4 {[%mdl 8192] [#]} (57. Rg1 $18 Rg6 58. Rxg6 (58. e7 Re6 $11) 58... Kxg6 59. Kg1) 57... Rg6 $1 $19 {[%cal Rh3f1]} 58. Rg1 Qxe6 59. Qc2 $2 (59. Qd3 $1 $11) 59... Kh6 {aiming for ...Rxg1+.} 60. Qd2+ Kh7 $2 (60... Kh5 $19 {Threatens to win with ...Rxg1+.} 61. Re1 Qf5) 61. Qc2 $11 Kh6 $2 (61... Qc6 $11 62. Rg3 Qf6) 62. Qd2+ $1 $19 Kh5 63. Re1 Qf5 64. Qe3 (64. Qd1 {was worth a try.} Kh6 65. Re4) 64... Rf6 $2 (64... c4 $19 {Strongly threatening ...b5.} 65. Qc3 Rg5) 65. Qe8+ $11 Kh6 66. Qh8+ Kg6 67. Rg1+ Kf7 68. Rxg7+ Ke6 69. Qg8+ Kd6 70. Qd8+ Kc6 71. Qe8+ Kd6 72. Qd8+ Kc6 73. Qe8+ Kd6 74. Kg1 (74. Qd8+ $11 Kc6) 74... Qb1+ $17 75. Kg2 {White wants to mate with Rd7+.} Qb2+ ({Better is} 75... Qc2+ $17 76. Kg3 Rxf3+ {[%mdl 64] Decoy} 77. Kxf3 Qc3+ {[%mdl 64] Double Attack} 78. Kf4 Qf6+ 79. Ke4 Qxg7 80. Qd8+ Kc6) 76. Kg1 $2 {[%mdl 8192] [#]} (76. Kh1 $11 Qb1+ 77. Rg1) 76... Qd4+ $1 {Black mates.} 77. Kg2 Qd2+ 78. Kh1 Qd1+ {[%mdl 64] Double Attack} 79. Rg1 Qxf3+ 80. Rg2 Qd1+ 81. Rg1 Qd5+ 0-1

[Event "31st Roquetas de Mar Open 2020"]
[Site "Roquetas de Mar"]
[Date "2020.01.03"]
[Round "2.7"]
[White "Bjerre, Jonas Buhl"]
[Black "Rohit S"]
[Result "1-0"]
[WhiteElo "2535"]
[BlackElo "2267"]
[Annotator "TA"]
[PlyCount "61"]
[EventDate "2020.01.02"]
[EventType "swiss"]
[EventCountry "ESP"]
[SourceTitle "playchess.com"]
[Source "ChessBase"]
[SourceQuality "1"]

{[%evp 19,61,10,12,12,14,-14,0,0,0,-20,-25,-15,-6,-18,-13,-30,6,0,19,16,18,24,22,18,58,63,80,77,129,125,195,181,419,408,414,395,415,411,411,392,392,393,378,362]} 1. d4 Nf6 2. c4 e6 3. Nf3 b6 4. g3 Ba6 5. Qa4 Bb7 6. Bg2 c5 7. dxc5 bxc5 8. O-O Be7 9. Rd1 O-O 10. Nc3 Qb6 11. Qc2 {E15: Queen's Indian: 4 g3 sidelines, 4 g3 Ba6 and 4 g3 Bb7 early deviations} (11. Bf4 Rd8 12. Rab1 Nc6 13. Bd6 Bxd6 14. Rxd6 Ne8 15. Rd2 Nf6 16. Rbd1 Rab8 17. b3 a6 18. Qa3 Nb4 19. Qc1 d6 {1-0 (54) Mamedyarov,S (2747)-Navara,D (2734) Huaian 2016}) 11... Nc6 12. Bf4 d5 13. cxd5 {The position is equal.} Nb4 14. Qc1 $146 {[#] d6 is the strong threat.} ({Predecessor:} 14. Qb1 Nbxd5 15. Nxd5 exd5 16. Be5 Qe6 17. e3 Ne4 18. Bc3 Rab8 19. Be1 {1-0 (50) Tutush,D (1943)-Johnson,C (1890) Stillwater 2012}) 14... Nbxd5 15. Be5 Rfd8 16. Nxd5 Bxd5 17. Qf4 Qb4 18. Nd2 Nh5 19. Qe3 Bf6 20. Bc3 Bxc3 21. bxc3 Qb7 22. Ne4 c4 23. Qg5 {[#] Threatens to win with Rab1.} f6 (23... f5 $142) 24. Qh4 $16 Qf7 (24... Rab8 $16 {was necessary.} 25. Nc5 Qf7) 25. Bf3 $18 Qg6 $2 (25... g6 26. g4 Nf4) 26. Rd4 {White is winning.} ({Weaker is} 26. Qxh5 Qxh5 27. Nxf6+ gxf6 $14) 26... Nf4 27. Qxf4 e5 28. Nxf6+ $1 gxf6 29. Bxd5+ Rxd5 30. Qf3 e4 31. Rxe4 {Accuracy: White = 77%, Black = 32%.} 1-0

[Event "31st Roquetas de Mar Open 2020"]
[Site "Roquetas de Mar"]
[Date "2020.01.03"]
[Round "2.8"]
[White "Rangel, Daniel"]
[Black "Harutyunian, Tigran K."]
[Result "1/2-1/2"]
[WhiteElo "2269"]
[BlackElo "2533"]
[Annotator "TA"]
[PlyCount "137"]
[EventDate "2020.01.02"]
[EventType "swiss"]
[EventCountry "ESP"]
[SourceTitle "playchess.com"]
[Source "ChessBase"]
[SourceQuality "1"]

{[%evp 17,137,0,8,4,1,-12,-12,-37,-25,-29,-29,-22,-25,-32,-27,-41,-39,-40,-40,-32,-43,-43,-51,-43,-52,-43,-43,-54,-58,-86,-86,-86,-86,-86,-86,-86,-86,-86,-86,-86,-86,-86,-86,-86,-86,-86,0,-87,-88,-92,-75,-75,-75,-75,-75,-75,-75,-75,-75,-75,-75,-75,-75,-75,-75,-75,-75,-75,-56,-56,-56,-56,-56,-56,-56,-56,-56,-56,-56,-56,-56,-56,-56,-56,-56,-56,-31,-31,-25,-25,0,0,0,0,0,0,0,0,0,0,0,0,0,0,0,0,0,0,0,0,0,0,0,0,0,0,0,0,0,0,0,0]} 1. Nf3 d5 2. d4 Nf6 3. c4 e6 4. g3 Bb4+ 5. Bd2 Be7 6. Bg2 ({Predecessor:} 6. Qc2 c6 7. Bg2 Nbd7 8. O-O b6 9. Nc3 O-O 10. b3 Ba6 {0-1 (70) Gumularz,S (2297)-Froewis,G (2452) Krakow 2017}) 6... O-O 7. O-O c6 8. Qc2 b6 9. b3 Nbd7 10. Bf4 $146 {E11: Bogo-Indian} (10. Rd1 a5 11. Bc3 Bb7 12. Nbd2 Qc7 13. Rac1 c5 14. Bb2 dxc4 15. Nxc4 b5 16. Nce5 Nxe5 17. Nxe5 Bxg2 18. Kxg2 {0-1 (55) Inarkiev,E (2727)-Jakovenko,D (2718) Poikovsky 2017}) 10... Ba6 11. Nc3 dxc4 12. bxc4 Bxc4 13. Nd2 Ba6 $1 14. Bxc6 Rc8 15. Qa4 Nh5 16. Nde4 Nxf4 17. Bxd7 Nxe2+ 18. Nxe2 Bxe2 19. Bxc8 Bxf1 20. Rxf1 Qxc8 21. Qxa7 {[%mdl 64] [#] Double Attack} Bd8 22. Nd2 Qc6 23. Qa6 Bf6 24. Nb3 Ra8 25. Qe2 Qd5 26. Rd1 g6 27. Rd2 Kg7 28. h4 h5 29. Qf1 Ra4 30. Qd1 Rc4 31. Rd3 Ra4 32. Rd2 $1 Qe4 33. Qe2 Qxe2 (33... Qc6 {is interesting.} 34. Qd3 Qd5 35. f3 Be7 36. Kg2 Bd6) 34. Rxe2 Bxd4 35. Nxd4 Rxd4 $17 {[%mdl 4096] Endgame KR-KR} 36. Rb2 Rd6 37. Rb5 Kf6 38. a4 e5 39. a5 bxa5 40. Rxa5 Rd2 41. Ra7 Ke6 42. Rb7 e4 43. Rb4 Ke5 44. Rb5+ Rd5 45. Rb7 f6 46. Rb6 Rd6 47. Rb5+ Ke6 48. Ra5 Rd5 49. Ra4 Ke5 50. Ra6 Kf5 51. Rb6 g5 52. hxg5 $1 fxg5 53. Kg2 h4 54. gxh4 {The position is equal.} gxh4 55. Rb8 Kg4 56. Re8 Kf4 57. Rh8 Rg5+ 58. Kf1 Kg4 59. Re8 Kf4 60. Rh8 Rg4 61. Rf8+ Kg5 62. f3 exf3 (62... Rg3 {with more complications.} 63. Kf2 Kg6 64. Rf4 e3+ 65. Kxe3 Rh3) 63. Rxf3 Ra4 64. Kg1 Kg4 65. Rb3 h3 66. Rb8 Ra1+ 67. Kh2 Ra2+ 68. Kh1 Kg3 {[#] ( -> ...Ra1+)} 69. Rg8+ {Accuracy: White = 84%, Black = 72%.} 1/2-1/2

[Event "31st Roquetas de Mar Open 2020"]
[Site "Roquetas de Mar"]
[Date "2020.01.03"]
[Round "2.9"]
[White "Krysa, Leandro"]
[Black "Gu, Tianlu"]
[Result "1/2-1/2"]
[WhiteElo "2522"]
[BlackElo "2255"]
[Annotator "TA"]
[PlyCount "89"]
[EventDate "2020.01.02"]
[EventType "swiss"]
[EventCountry "ESP"]
[SourceTitle "playchess.com"]
[Source "ChessBase"]
[SourceQuality "1"]

{[%evp 25,89,21,51,12,41,0,0,0,0,0,7,10,21,21,21,4,28,31,0,0,29,19,19,39,35,36,36,36,36,34,34,31,39,27,41,4,7,5,4,0,0,0,0,0,0,0,0,0,0,0,0,0,7,7,8,8,8,0,0,0,0,0,0,0,0,0]} 1. d4 Nf6 2. c4 e6 3. Nc3 d5 4. Nf3 c5 5. cxd5 Nxd5 6. e4 Nxc3 7. bxc3 cxd4 8. cxd4 Bb4+ 9. Bd2 Bxd2+ 10. Qxd2 O-O 11. Bc4 Nc6 12. O-O b6 13. Rad1 Bb7 14. Qf4 {D41: Queen's Gambit Declined: Semi-Tarrasch with 5 cxd5} Qb8 15. Qh4 h6 $146 ({Predecessor:} 15... Qd8 16. Qh3 Nb4 17. a3 Ba6 18. Bxe6 Nc2 19. Bd5 Rc8 20. Ne5 Bxf1 21. Kxf1 Rc7 {1-0 (41) Dydyshko,V (2500)-Michenka,J (2395) Ostrava 1992}) 16. Rfe1 Qc7 17. h3 Rad8 18. d5 Na5 {[%cal Bc6a5,Ba5c4,Bc4a3][%mdl 32]} 19. Bd3 exd5 20. e5 Nc4 21. Nd4 Bc8 $1 22. f4 Rde8 23. Bb1 Na3 24. Bf5 Nb5 {[#] Threatens to win with ...Nxd4.} 25. Rc1 Qd8 $1 {[%cal Rd8h4]} 26. Qxd8 Rxd8 27. Nxb5 {Black must now prevent Nd4.} Bxf5 28. Nd6 Bd3 29. Rc7 {[%mdl 1024] White has compensation.} Bc4 30. Kf2 b5 {The position is equal.} 31. a3 a5 {[%cal Ba7a5,Ba5b4,Bb4b3][%mdl 32]} 32. Ke3 b4 33. axb4 axb4 34. Rb1 b3 35. Rb2 Ra8 36. Nxc4 dxc4 37. Rxc4 $11 {[%mdl 4096] Endgame KRR-KRR} Rfb8 38. Rc3 Ra2 39. Rbxb3 Rxb3 40. Rxb3 Rxg2 {[#] ...Rg3+ is the strong threat. KR-KR} 41. Kf3 Rg1 42. Rb8+ Kh7 43. f5 Re1 44. Re8 g6 45. fxg6+ {Accuracy: White = 76%, Black = 68%.} 1/2-1/2

[Event "31st Roquetas de Mar Open 2020"]
[Site "Roquetas de Mar"]
[Date "2020.01.03"]
[Round "2.10"]
[White "Ajay Karthikeyan"]
[Black "Maiorov, Nikita"]
[Result "1/2-1/2"]
[WhiteElo "2249"]
[BlackElo "2519"]
[Annotator "TA"]
[PlyCount "83"]
[EventDate "2020.01.02"]
[EventType "swiss"]
[EventCountry "ESP"]
[SourceTitle "playchess.com"]
[Source "ChessBase"]
[SourceQuality "1"]

{[%evp 9,83,27,64,20,39,0,13,0,16,6,43,14,99,92,98,94,116,80,117,57,133,98,52,54,43,8,7,7,112,0,0,-19,0,0,0,0,0,-81,37,35,35,35,37,24,29,26,35,39,45,-7,0,0,32,0,87,77,267,270,244,183,203,75,64,0,0,0,0,0,0,0,0,0,0,0,0,0]} 1. d4 Nf6 2. Bf4 g6 3. Nc3 d5 4. Qd2 (4. e3 Bg7 5. h4 c6 6. Be2 h5 7. Nf3 Bg4 8. Ne5 Bxe2 9. Qxe2 Nbd7 10. O-O-O Rc8 11. f3 {0-1 (60) Nabaty,T (2692)-Rodshtein,M (2674) Czech Republic 2019}) 4... h6 5. O-O-O Bg7 6. h4 $146 {A45: Trompowsky Attack} ({Predecessor:} 6. f3 a6 7. h4 b5 8. g4 Nbd7 9. e3 Nb6 10. Bd3 b4 11. Nce2 {0-1 (47) Viennot,D (2233)-Nevednichy,V (2547) Cappelle-la-Grande 2016}) 6... c6 7. e3 b5 8. Bd3 a5 9. Nf3 Bg4 10. Ne2 Bxf3 (10... Ne4 $11 11. Bxe4 dxe4) 11. gxf3 $16 e6 12. Rdg1 h5 13. Bxg6 fxg6 14. Qd3 (14. Rxg6 $16 Qe7 15. Rhg1) 14... Ra7 (14... Rg8 $14) 15. Be5 (15. Qxg6+ $6 Rf7 $11) 15... Bh6 16. Rxg6 Rf7 17. Qc3 {[%mdl 1024] Black must now prevent Nf4. White has compensation.} b4 18. Qd3 {Strongly threatening Rhg1.} Ke7 {[#]} (18... Nbd7 $11 {remains equal.}) 19. Rhg1 ({White should play} 19. c4 $1 $16) 19... Nbd7 $11 20. Ng3 {[%cal Be2g3,Bg3e4,Be4d6][%mdl 32]} Nxe5 21. dxe5 {Ne2 is the strong threat.} Nd7 22. f4 Nf8 23. Rf6 (23. Ne2 $1 $11) 23... Bg7 (23... Rxf6 $17 24. exf6+ Kf7 25. Nxh5 Rg8 26. Rxg8 Kxg8) 24. Rxf7+ $14 Kxf7 25. Ne4 $1 {[%cal Re4d6]} Rh6 (25... Qxh4 $2 26. Nd6+ (26. Qa6 Qe7 $14) 26... Kg8 27. Ne8 $18) 26. Nd6+ Kg8 27. Rg5 Nh7 28. Rg3 Nf8 29. c3 (29. Kd1 $14) 29... bxc3 30. bxc3 a4 (30... Qxh4 $5 31. Ne8 $8 Kh8 $11) 31. Kd1 Nd7 (31... Qxh4 $11 32. Ne8 Kh8 33. Nxg7 (33. Rxg7 $2 Qd8 $19) 33... Qh1+ 34. Ke2 h4) 32. Qa6 $16 Kf8 $2 (32... Qb8 $16 {was called for.}) 33. Qb7 $18 (33. Qxc6 Nxe5 34. fxe5 Bxe5 $14) 33... Bh8 34. Ke2 ({Not} 34. Qxc6 Nxe5 35. fxe5 Bxe5 $14) 34... Rh7 35. Qb1 (35. Qxc6 $18 {and White stays clearly on top. And now Nb5 would win.} Rg7 36. Rxg7 (36. Qxa4 Rxg3 37. fxg3 Nxe5 $16) 36... Kxg7 37. c4 (37. Qxa4 Kg8 $16) 37... dxc4 38. Qxc4) 35... Rg7 $16 36. Rg5 (36. Rg6 $1 $14 Rxg6 37. Qxg6 {[%mdl 64] Double Attack}) 36... Rxg5 {The position is equal.} 37. hxg5 Nxe5 38. Qh7 Bg7 39. fxe5 {[#] Hoping for f4.} Qxg5 40. f4 Qg2+ 41. Ke1 Qg1+ 42. Kd2 {Accuracy: White = 42%, Black = 38%.} 1/2-1/2